000 01100nam a2200277 a 4500
001 25242
003 CO-ViMGA
008 141112s2004 ck r 000 u spa d
020 _a9789708300599
035 _aAHH9290 LA
040 _aCO-ViMGA
_bspa
_cCO-ViMGA
041 _aspa eng
082 0 4 _a330.015195 W66i
100 1 _aWooldridge, Jeffrey M., 1960 -
_938461
245 1 0 _aIntroducción a la econometría :
_bun enfoque moderno /
_cJeffrey M. Wooldridge ; traducción Francisco Javier Dávila ; revisión técnica Lucía Atzimba Ruíz Galindo.
260 _aMéxico :
_bThomson Learning,
_c2001.
300 _axix, 865 p. : il. ; 25 cm.
490 _aEconómico administrativas
500 _aGlosario : p. 835 - 848
650 1 4 _aEconometría.
700 1 _aDávila, Francisco Javier, tr.
_938462
942 _2ddc
_cBK
949 _an n
999 _c32868
_d32868